000 00616nam a2200229Ia 4500
003 OSt
005 20221007074144.0
006 a|||||r|||| 00| 0
007 ta
008 221006b |||||||| |||| 00| 0 eng d
024 _a11,798
037 _cTextual
040 _aFLL
_cFLL
_beng
041 _2eng
_aeng
082 _aV2:12.N7, M7
100 _aGulati I.S. Ed.
_9242330
245 0 _aCentre-state budgetary transfers
260 _aMadras
_bOxford university press India
_c1987
300 _a312p
_ccm.
942 _hV2:12.N7, M7
_cTEXL
_2CC
999 _c1151361
_d1151361